000 00568nam a22001817a 4500
003 PILC
005 20150112093447.0
008 131012t xxu||||| |||| 00| 0 eng d
020 _a0538819855
050 _aKF 888
_b.An44 1993
082 _aG 346.7303
_b.An2 1993
100 _aAnderson, Ronald Aberdeen
_928745
245 _aBusiness law and the legal environment /
_cRonald Aberdeen Anderson
250 _a15th ed.
260 _aCincinnati, Ohio ;
_bSouth-Western Publishing Co.
_c1993.
300 _a1200 pages :
_bcolored illustration ;
_c26 cm.
942 _2lcc
_cBK
999 _c14954
_d14954